000 01364nam a2200385 i 4500
001 196943
003 ES-MaACL
005 20250806063151.0
008 250218s1995 sp | ||| ||spa
016 7 _abimoBNE19960061052
_2SpMaBN
017 _aB 707-1995
_bOficina Depósito Legal Barcelona
020 _a847888193X
035 _a(OCoLC)40758809
035 _a(SpMaBN)bimo0000469331
040 _aSpMaBN
_bspa
_cSpMaBN
_erdc
080 _a820(73)-31"19"
100 1 _aGabaldon, Diana
_9239662
_eaut
240 1 4 _aThe Outlander
_lEspañol
245 1 0 _aForastera /
_cDiana Gabaldon ; [traducción, Carmen Bordeu]
260 _aBarcelona :
_bEmecé,
_cD.L. 1994.
300 _a664 páginas ;
_c23 cm
336 _2rdacontent
_atexto
337 _2rdamedia
_asin mediación
338 _2rdacarrier
_avolumen
594 _aTraducción de: The Outlander
655 0 _9234319
_aNovelas
700 1 _aBordeu, Carmen
_etrl
_9241582
852 _aES-MaACL
_cDEPOJ
_jN-10357
_hDonación: Roberto Fernández López
_xEncuadernación rústica con solapas
_9206479
903 _aFernández Lopez, Roberto
_ednr
942 _cMONOGRAFIA
_n0
999 _c196943
_d196943